Numerical Investigation of Compressible Flows (Record no. 526131)

000 -LEADER
fixed length control field 00554nam a22001817a 4500
003 - CONTROL NUMBER IDENTIFIER
control field NUST
038 ## - RECORD CONTENT LICENSOR
Staff Name Mr. Zahoor
082 ## - DEWEY DECIMAL CLASSIFICATION NUMBER
Classification number 510.1
100 ## - MAIN ENTRY--PERSONAL NAME
Personal name Batool, Khadeeja
9 (RLIN) 17096
245 ## - TITLE STATEMENT
Title Numerical Investigation of Compressible Flows
Statement of responsibility, etc. Khadeeja Batool
260 ## - PUBLICATION, DISTRIBUTION, ETC.
Place of publication, distribution, etc. Islamabad :
Name of publisher, distributor, etc. SNS - NUST,
Date of publication, distribution, etc. 2017.
300 ## - PHYSICAL DESCRIPTION
Extent 63 p. : ill. ;
Dimensions 30cm.
500 ## - GENERAL NOTE
General note Hardcover.
650 ## - SUBJECT ADDED ENTRY--TOPICAL TERM
Topical term or geographic name entry element Philosophy in Mathematics - MS Thesis
9 (RLIN) 17097
700 ## - ADDED ENTRY--PERSONAL NAME
Personal name Muhammad Asif Farooq
9 (RLIN) 17098
856 ## - ELECTRONIC LOCATION AND ACCESS
Uniform Resource Identifier <a href="http://10.250.8.41:8080/xmlui/handle/123456789/4224">http://10.250.8.41:8080/xmlui/handle/123456789/4224</a>
942 ## - ADDED ENTRY ELEMENTS (KOHA)
Source of classification or shelving scheme
Koha item type Thesis
Holdings
Withdrawn status Lost status Source of classification or shelving scheme Damaged status Not for loan Permanent Location Current Location Shelving location Date acquired Total Checkouts Full call number Barcode Date last seen Price effective from Koha item type
          Central Library (CL) Central Library (CL) Thesis 07/09/2019   510.1 CL-T-2083 07/10/2019 07/09/2019 Thesis
© 2023 Central Library, National University of Sciences and Technology. All Rights Reserved.